| 000 | 00514nam a2200169 4500 | ||
|---|---|---|---|
| 001 | 139632 | ||
| 003 | ES-MaACL | ||
| 005 | 20230906195847.0 | ||
| 007 | t| | ||
| 008 | 070214s1973 sp r ||||1| spa d | ||
| 100 | 1 |
_aSavgorodny, V. K. _9104065 |
|
| 245 | 1 | 0 |
_aTransformación de plásticos / _cV. K. Savgorodny ; traducción de Luis Uralde. |
| 260 |
_aBarcelona : _bGustavo Gili, _c1973. |
||
| 300 |
_aVII, 468 p. : _bil. ; _c24 cm. |
||
| 700 | 1 |
_aUralde, Luis. _9112053 |
|
| 852 |
_aES-MaACL _jC-51972 _bR.85472 |
||
| 999 |
_c139632 _d139632 |
||